00429cam a2200157ua 45000010005000000080039000050400009000440820008000531000042000612450054001032500009001572600044001663000017002106530018002276530026002453847111222n ii |||gr||||Z||||||asm cMAIN a780 aChaudhury, Umesh Chandra,eComposor.,11aUmesh chaudharir geetcby Umesh Chandra Chaudhary a1st. aGuwahati:bPublication board assam,993. a116p:c23cm. aAssamese song aUmesh chaudharir geet